| 000 | 00943nam a22002297a 4500 | ||
|---|---|---|---|
| 005 | 20170626132125.0 | ||
| 008 | 170626b mx ||||| |||| 00| 0 spa d | ||
| 020 | _a9786077613428 | ||
| 050 | 0 | 4 |
_aJS2119 .5 .Z33 _bR65 2010 |
| 100 | 1 | _aRojas, Beatriz. | |
| 245 | 1 | 3 |
_aEl municipio libre : _buna utopía perdida en el pasado : los pueblos de Zacatecas, 1786-1835 _c/ Beatriz Rojas |
| 250 | _a1a ed. | ||
| 260 |
_aMéxico : _bInstituto de Investigaciones Dr. José María Luis Mora, _c2010. |
||
| 300 |
_a307 p. : _bmap. ; _c23 cm. |
||
| 490 | _aHistoria Política | ||
| 504 | _aIncluye bibliografía (p.283-293) e índice | ||
| 650 | 7 |
_2LEMB _aGobierno municipal _xHistoria _zZacatecas, México |
|
| 650 | 7 |
_2LEMB _aGobierno representativo _xHistoria _zZacatecas, México |
|
| 651 | 7 |
_2LEMB _aZacatecas _xPolítica y gobierno _ySiglo XVIII _zMéxico |
|
| 651 | 7 |
_2LEMB _aZacatecas _xPolítica y gobierno _ySiglo XIX |
|
| 942 |
_2lcc _cLIB |
||
| 999 |
_c135089 _d135089 |
||